|
|
|
|
| LEADER |
00000nab a2200000 4500 |
| 001 |
vtls011763143 |
| 003 |
SK-MaSNL |
| 005 |
20260305014353.0 |
| 008 |
180620c2018 xo zr|p || ||00 c0ukr |
| 015 |
|
|
|a SNBRB2018/06
|
| 038 |
|
|
|a SVKPOCL
|
| 040 |
|
|
|a SVKPOCL
|b slo
|c SVKPOCL
|e rda
|
| 041 |
0 |
|
|a ukr
|
| 044 |
|
|
|a xo
|c SK
|
| 072 |
|
7 |
|a 794
|x Doskové a stolové hry, logické hry, hry zručnosti, krížovky
|2 konspekt
|
| 080 |
|
|
|a 821.161.2(437.6)-93
|2 2011
|
| 080 |
|
|
|a (437.6)
|2 2011
|
| 080 |
|
|
|a 398.6-053.2
|2 2011
|
| 080 |
|
|
|a 316.346.32-053.2
|2 2011
|
| 080 |
|
|
|a 37.016:159.931/.936
|2 2011
|
| 080 |
|
|
|a (084.1)
|2 2011
|
| 080 |
|
|
|a 793.7(084.1)-053.2
|2 2011
|
| 080 |
|
|
|a (084.1):159.946.4
|2 2011
|
| 100 |
1 |
|
|a Citriaková, Zdenka,
|d 1990-
|4 aut
|9 174528
|
| 245 |
1 |
0 |
|a Zadači
|c [autor] -zc- ; [ilustratorka Eva Ilkovičova]
|
| 336 |
|
|
|a text
|b txt
|2 rdacontent
|
| 337 |
|
|
|a bez média
|b n
|2 rdamedia
|
| 338 |
|
|
|a zväzok
|b nc
|2 rdacarrier
|
| 500 |
|
|
|a V rubrike Djit'skў hrў z Kolўsajkom
|
| 500 |
|
|
|a Chybný údaj v číslovaní ročníka (správny údaj - II. ročník)
|
| 500 |
|
|
|a Odkrytie akronymu je s autorkiným súhlasom
|
| 650 |
0 |
7 |
|a didaktické hry
|2 SNKPH
|9 63297
|
| 650 |
0 |
7 |
|a literatúra pre deti
|2 SNKPH
|9 55721
|
| 650 |
0 |
7 |
|a hlavolamy
|2 SNKPH
|9 3312
|
| 650 |
0 |
7 |
|a hry pre deti
|2 svkpocl
|9 629849
|
| 650 |
0 |
7 |
|a logické úlohy
|2 svkpocl
|9 1038262
|
| 650 |
0 |
7 |
|a tvorivé hry
|2 SNKPH
|9 67670
|
| 650 |
0 |
7 |
|a grafomotorické hry
|2 svkpocl
|9 1499202
|
| 700 |
1 |
|
|a Potfajová, Eva,
|d 1952-
|4 ill
|9 262314
|
| 773 |
0 |
|
|t Kolўsočka
|g Roč. I [II], č. 1 (2018), s. 8, 9
|x 2585-7045
|
| 852 |
|
|
|a SVKPO
|b KIS3GCP
|
| 856 |
4 |
2 |
|y Elektronický archív časopisu je na: https://issuu.com/search?q=kolysocka
|
| 958 |
|
|
|a RN
|
| 958 |
|
|
|a SS
|
| 958 |
|
|
|a LX
|
| 958 |
|
|
|a DB
|
| 958 |
|
|
|a NM
|
| 999 |
|
|
|c 3269167
|d 3271097
|